UM Logo

Occupational Health and Safety / (Record no. 24407)

MARC details
000 -LEADER
fixed length control field 00672nam a2200181 4500
005 - DATE AND TIME OF LATEST TRANSACTION
control field 20260304165353.0
008 - FIXED-LENGTH DATA ELEMENTS--GENERAL INFORMATION
fixed length control field 260304b |||||||| |||| 00| 0 eng d
020 ## - INTERNATIONAL STANDARD BOOK NUMBER
International Standard Book Number 9789815165524
082 ## - DEWEY DECIMAL CLASSIFICATION NUMBER
Classification number AV-Eb 614.8 R74 2024
100 ## - MAIN ENTRY--PERSONAL NAME
Personal name Rotaru, Mihaela.
9 (RLIN) 69954
245 ## - TITLE STATEMENT
Title Occupational Health and Safety /
Statement of responsibility, etc. Mihaela Rotaru and Lucian-Ionel Cioca.
260 ## - PUBLICATION, DISTRIBUTION, ETC. (IMPRINT)
Place of publication, distribution, etc. [No place of publication] :
Name of publisher, distributor, etc. Bentham Science Publishers,
Date of publication, distribution, etc. ©2024.
300 ## - PHYSICAL DESCRIPTION
Extent 151 pages.
650 #0 - SUBJECT ADDED ENTRY--TOPICAL TERM
Topical term or geographic name as entry element Industrial housekeeping.
9 (RLIN) 69956
700 ## - ADDED ENTRY--PERSONAL NAME
Personal name Cioca, Lucian-Ionel.
Relator term author.
9 (RLIN) 69955
856 ## - ELECTRONIC LOCATION AND ACCESS
Link text https://ebookcentral.proquest.com/lib/uniofmindanao-ebooks/detail.action?docID=31151296
942 ## - ADDED ENTRY ELEMENTS (KOHA)
Source of classification or shelving scheme Dewey Decimal Classification
Koha item type Ebooks
Holdings
Withdrawn status Lost status Source of classification or shelving scheme Damaged status Not for loan Collection code Home library Current library Date acquired Source of acquisition Total Checkouts Full call number Date last seen Price effective from Koha item type
    Dewey Decimal Classification     AV-CD UM Digos College - LIC UM Digos College - LIC 03/04/2026 Downloaded   AV-Eb 614.8 R74 2024 03/04/2026 03/04/2026 Ebooks